NBA Players by Picture - Germany - Statistics

General Stats
  • This quiz has been taken 32 times
  • The average score is 10 of 21
Answer Stats
Picture Answer % Correct
Dirk Nowitzki
100%
Dennis Schroder
97%
Franz Wagner
97%
Isaiah Hartenstein
97%
Moritz Wagner
97%
Daniel Theis
81%
Detlef Schrempf
74%
Maxi Kleber
74%
Shawn Bradley
55%
Tristan Da Silva
55%
Isaac Bonga
52%
Chris Kaman
48%
Ariel Hukporti
29%
Paul Zipser
10%
Tibor Pleiss
10%
Charlie Hoefer
0%
Christian Welp
0%
Elias Harris
0%
Frido Frey
0%
Tim Ohlbrecht
0%
Uwe Blab
0%
No matching quizzes found
Score Distribution
Percent of People with Each Score
Percentile by Number Answered
Your Score History
You have not taken this quiz